Nota enviada por el Gobierno Constitucionalista al de la Casa Blanca (Record no. 4292)

MARC details
000 -CABECERA
campo de control de longitud fija 00756nam a2200217 a 4500
001 - NÚMERO DE CONTROL
campo de control BRCA_4587
005 - FECHA Y HORA DE LA ÚLTIMA TRANSACCIÓN
campo de control 20190320204727.0
008 - DATOS DE LONGITUD FIJA--INFORMACIÓN GENERAL
campo de control de longitud fija 240910s1916----mx-#######---#000-0#spa-#
041 ## - CÓDIGO DE LENGUA
Código de lengua del texto/banda sonora o título independiente spa
044 ## - CÓDIGO DEL PAÍS DE LA ENTIDAD EDITORA/PRODUCTORA
Código MARC del país mx
050 #4 - SIGNATURA TOPOGRÁFICA DE LA BIBLIOTECA DEL CONGRESO
Número de clasificación E405.1
Número de documento/Ítem .N68 1916
245 10 - MENCIÓN DE TÍTULO
Título Nota enviada por el Gobierno Constitucionalista al de la Casa Blanca
Resto del título con motivo de las incursiones de tropas americanas en territorio mexicano.
260 ## - PUBLICACIÓN, DISTRIBUCIÓN, ETC.
Lugar de publicación, distribución, etc. México
Nombre del editor, distribuidor, etc. Compañía Editora Mexicana
Fecha de publicación, distribución, etc. 1916
300 ## - DESCRIPCIÓN FÍSICA
Extensión 19 p.
Dimensiones 23 cm.
500 ## - NOTA GENERAL
Nota general Estado físico: Cubierta deteriorada
500 ## - NOTA GENERAL
Nota general CFG72
651 #4 - PUNTO DE ACCESO ADICIONAL DE MATERIA--NOMBRE GEOGRÁFICO
Nombre geográfico México
Subdivisión general Historia
Subdivisión cronológica Guerra con Estados Unidos, 1845-1845
9 (RLIN) 11604
651 #4 - PUNTO DE ACCESO ADICIONAL DE MATERIA--NOMBRE GEOGRÁFICO
Nombre geográfico Estados Unidos
Subdivisión general Historia
Subdivisión geográfica Guerra con México, 1845-1848
9 (RLIN) 11605
902 ## - CATALOGADOR
Iniciales GFM
942 ## - ELEMENTOS DE PUNTO DE ACCESO ADICIONAL (KOHA)
Fuente del sistema de clasificación o colocación Library of Congress Classification
Tipo de ítem Koha Libros
Holdings
Estado de retiro Estado de pérdida Estado dañado No para préstamo Localización permanente Ubicación/localización actual Fecha de adquisición Número de inventario Total de préstamos Signatura topográfica completa Código de barras Fecha visto por última vez Precio válido a partir de Tipo de ítem Koha
El ejemplar forma parte de la colección y puede ser consultado según las políticas vigentes.       Biblioteca del Museo Franz Mayer (Rogerio Casas-Alatriste) Biblioteca del Museo Franz Mayer (Rogerio Casas-Alatriste) 24/09/2010 CFG72   E405.1 .N68 1916 (CFG72) 4585 22/03/2019 22/03/2019 Libros